| 000 | 01316nam0a22002891 4500 | ||
|---|---|---|---|
| 001 | rc\30173 | ||
| 005 | 20260405225722.0 | ||
| 035 | _a(NLR Aleph) 008745143 | ||
| 090 |
_a9547944 _c9547944 |
||
| 100 | _a20021216d1991 |||y0rusy50 ca | ||
| 101 | 0 | _arus | |
| 102 | _aRU | ||
| 105 | _ay ||||||||| | ||
| 200 | 1 |
_aИНСТРУМЕНТАЛЬНАЯ система для разработки и отладки программного обеспечения МКП _fМ.А. Белов, А.Ю. Бяков, Н.Е. Карабутова и др. |
|
| 210 |
_aМ. _cИТМ и ВТ _d1991 |
||
| 215 |
_a38 с. _d21 |
||
| 225 | 1 |
_aПрепринт _fИн-т точ. механики и вычисл. техники им. С.А. Лебедева АН СССР _v№ 5, Програм. обеспечение |
|
| 320 | _aБиблиогр.: с. 37 | ||
| 606 | 1 |
_aВычислительные системы конвейерные _xПрограммирование _2nlr_sh1 |
|
| 701 | 1 |
_8rus _7ca _aБелов _bМ. А. _cканд. техн. наук, машиностроение _gМихаил Александрович _3RU\NLR\AUTH\77103759 _986684 |
|
| 801 | 0 |
_aRU _bNLR _gpsbo |
|
| 801 | 1 |
_aRU _bELAR _2rusmarc |
|
| 801 | 2 |
_aRU _bNLR _c20050530 _2rusmarc |
|
| 852 |
_aNLR _j91-6/3032 |
||
| 942 | _cBOOK | ||
| 980 | _aNB | ||